NBA 2018-19 November Players 30 Points - Statistics

General Stats
  • This quiz has been taken 72 times
  • The average score is 32 of 46
Answer Stats
Player Team # % Correct
Giannis Antetokounmpo Bucks 6
100%
James Harden Rockets 6
100%
Joel Embiid 76ers 8
100%
Kevin Durant Warriors 7
99%
Damian Lillard Trail Blazers 5
96%
Anthony Davis Pelicans 5
93%
LeBron James Lakers 4
93%
Klay Thompson Warriors 3
87%
Russell Westbrook Thunder 1
87%
Bradley Beal Wizards 1
85%
Devin Booker Suns 3
85%
Karl-Anthony Towns Timberwolves 2
85%
Paul George Thunder 3
85%
C.J. McCollum Trail Blazers 4
84%
Kemba Walker Hornets 3
84%
Kyrie Irving Celtics 3
82%
DeMar DeRozan Spurs 2
81%
Donovan Mitchell Jazz 3
81%
John Wall Wizards 2
81%
Kawhi Leonard Raptors 2
81%
Blake Griffin Pistons 4
78%
Jimmy Butler 76ers 1
76%
Nikola Jokic Nuggets 1
76%
Chris Paul Rockets 1
75%
Nikola Vucevic Magic 4
73%
Jamal Murray Nuggets 1
72%
D'Angelo Russell Nets 2
70%
Mike Conley Grizzlies 3
69%
Zach LaVine Bulls 1
67%
LaMarcus Aldridge Spurs 1
66%
Aaron Gordon Magic 1
64%
De'Aaron Fox Kings 1
64%
Eric Gordon Rockets 1
64%
Jrue Holiday Pelicans 1
64%
Victor Oladipo Pacers 1
54%
Dwyane Wade Heat 1
51%
Derrick Rose Timberwolves 1
48%
Tobias Harris Clippers 1
48%
Jaren Jackson Jr. Grizzlies 1
39%
Serge Ibaka Raptors 1
37%
Tim Hardaway Knicks 4
34%
Spencer Dinwiddie Nets 1
27%
Josh Richardson Heat 1
24%
E'Twaun Moore Pelicans 3
21%
Dennis Schroder Thunder 1
19%
Trey Burke Knicks 1
10%
No matching quizzes found
Score Distribution
Percent of People with Each Score
Percentile by Number Answered
Your Score History
You have not taken this quiz